• AIU
  • Tony Wilmot Memorial Library

Language policy and planning in the southern sudan (Record no. 64007)

MARC details
000 -LEADER
fixed length control field 00313nam a2200121 4500
082 0# - DEWEY DECIMAL CLASSIFICATION NUMBER
Classification number 401
100 1# - MAIN ENTRY--PERSONAL NAME
Personal name Ohiri, Adam Cholong
245 10 - TITLE STATEMENT
Title Language policy and planning in the southern sudan
Statement of responsibility, etc Adam Cholong Ohiri
260 ## - PUBLICATION, DISTRIBUTION, ETC. (IMPRINT)
Place of publication, distribution, etc Khartoum
Date of publication, distribution, etc c.1990
300 ## - PHYSICAL DESCRIPTION
Extent 92 p.
700 1# - ADDED ENTRY--PERSONAL NAME
Personal name Ohiri, Adam Cholong
942 ## - ADDED ENTRY ELEMENTS (KOHA)
Source of classification or shelving scheme
Koha item type Books

No items available.